| 000 | 00585nam a2200193 a 4500 | ||
|---|---|---|---|
| 005 | 20210223125649.0 | ||
| 008 | 050615s1993 mx r 000 0 spa d | ||
| 020 | _a8487767168 | ||
| 035 | _aUPN01000139328 | ||
| 049 | _aCG | ||
| 050 | 4 |
_aRT49 _bL3.3 |
|
| 100 | 1 | _aLatorre Fernández, Isabel | |
| 245 | 1 | 0 |
_aGuía para administrar cuidados de enfermería / _cIsabel Latorre Fernández. |
| 260 |
_aMálaga, Esp. : _bAljibe, _c1993. |
||
| 300 | _a100 p. | ||
| 650 | 4 |
_aENFERMERIA - _xADMINISTRACION _919264 |
|
| 650 | 4 |
_aENFERMERIA, AUXILIARES DE - _vMANUALES _921198 |
|
| 905 | _aLibro | ||
| 999 |
_c111476 _d111476 |
||